Propuesta de un manual de funciones y procedimientos para el departamento de Operaciones
Se desarrollo la propuesta para el diseño y la implementación del departamento de logística de la empresa Dianca S.A. que tiene como objetivo mejorar el sistema de entradas y salidas de productos a la empresa.
| Main Authors: | , |
|---|---|
| Other Authors: | |
| Format: | Tesis Section = Libro |
| Language: | Undetermined Spanish |
| Published: |
Managua
UNI
2019
|
| Subjects: |
| LEADER | 01068nam a2200265Ia 4500 | ||
|---|---|---|---|
| 008 | 240830s9999 xx 000 0 und d | ||
| 040 | |a BIBLIOTECA-RUPAP Mon 658.402 C422 | ||
| 041 | |a spa | ||
| 082 | |a Mon 658.402 C422 | ||
| 100 | 1 | |a Céspedes Saballo, María de Fátima | |
| 100 | 1 | |b Martínez Bravo, Juan Carlos | |
| 245 | 1 | 0 | |a Propuesta de un manual de funciones y procedimientos para el departamento de Operaciones |
| 260 | |a Managua |b UNI |c 2019 | ||
| 300 | |a 88 p. :il. | ||
| 500 | |a Contiene: anexos y CD. | ||
| 502 | |a Tesis (Ingeniero Industrial)- UNI, 2019. | ||
| 520 | 3 | |a Se desarrollo la propuesta para el diseño y la implementación del departamento de logística de la empresa Dianca S.A. que tiene como objetivo mejorar el sistema de entradas y salidas de productos a la empresa. | |
| 650 | 7 | |a ORGANIZACION Y MANUALES | |
| 650 | 7 | |b MANUALES ADMINISTRATIVOS | |
| 650 | 7 | |c DESCRIPCION DEL TRABAJO | |
| 650 | 7 | |d ADMINISTRACION DE EMPRESA | |
| 700 | 1 | |a Tutor: |b Silvestri Jirón, Pietro Marcelo | |
| 942 | |c BK |2 ddc | ||
| 991 | |a TESIS | ||
| 999 | |c 17256 | ||